Statistics for Mortal Kombat X Kharacters

Click here to take the quiz!

General Stats

  • This quiz has been taken 940 times
    (832 since last reset)
  • The average score is 33 of 45

Answer Stats

HintAnswer% Correct
Hanzo HasashiScorpion
97%
Thunder GodRaiden
96%
Lin Kuei GrandmasterSub-Zero
96%
Former Special ForcesJax
92%
Special ForcesSonya
92%
The New CageCassie Cage
91%
Ninja MimeJohnny Cage
90%
Razor Sharp HatKung Lao
90%
New Dark EmpressKitana
89%
Blind SwordsmanKenshi
88%
GunslingerErron Black
87%
New Dark EmperorLiu Kang
86%
Tarkatan-Human MixMileena
85%
Netherrealm SorcererQuan Chi
85%
Collection of SoulsErmac
84%
Black Dragon MemberKano
83%
Disgraced Elder GodShinnok
82%
Tarkatan LeaderBaraka
80%
Xenomorph - TarkatanAlien
79%
ShokanGoro
79%
Shirai Ryu RecruitTakeda
79%
Outworld EmperorKotal Kahn
77%
Last SaurianReptile
76%
Skilled ArcherKung Jin
73%
Fusion of CyborgsTriborg
73%
Cannibalistic KillerLeatherface
71%
KytinnD'Vorah
69%
Son of ArgusRain
69%
Wind GodFujin
68%
Jax's DaughterJacqui Briggs
67%
Former Edenian QueenSindel
67%
YautjaPredator
66%
Fighting DuoFerra/Torr
64%
Black Dragon HookswordsKabal
64%
Edenian WarriorTanya
64%
Earthrealm TrainerBo Rai Cho
63%
Former Street CopStryker
63%
Earth ElementalTremor
63%
Native AmericanNightwolf
62%
Camp Crystal Lake KillerJason Voorhees
59%
Tomas VrbadaSmoke
51%
Grandmaster's ProtégéFrost
47%
Outworld RefugeeLi Mei
27%
Severed Oni HeadMoloch
22%
Netherrealm DemonSareena
19%

Score Distribution

Percentile by Number Answered

Percent of People with Each Score

Your Score History

You have not taken this quiz since the last reset